Perception and experience of sexual harassment among nurses in a tertiary level hospital Kathmandu (Record no. 84031)
[ view plain ]
| 000 -LEADER | |
|---|---|
| fixed length control field | 00578nam a22001817a 4500 |
| 008 - FIXED-LENGTH DATA ELEMENTS--GENERAL INFORMATION | |
| fixed length control field | 181224b xxu||||| |||| 00| 0 eng d |
| 082 ## - DEWEY DECIMAL CLASSIFICATION NUMBER | |
| Classification number | 331.4133095496/P192p |
| 100 ## - MAIN ENTRY--PERSONAL NAME | |
| Personal name | Pandey, Apsara |
| 245 ## - TITLE STATEMENT | |
| Title | Perception and experience of sexual harassment among nurses in a tertiary level hospital Kathmandu |
| 260 ## - PUBLICATION, DISTRIBUTION, ETC. | |
| Place of publication, distribution, etc. | Kathmandu: |
| Name of publisher, distributor, etc. | TU. Research Centre, |
| Date of publication, distribution, etc. | 2017. |
| 300 ## - PHYSICAL DESCRIPTION | |
| Extent | viii, 47p.illus. |
| 504 ## - BIBLIOGRAPHY, ETC. NOTE | |
| Bibliography, etc. note | Bibliography:p.36-37 |
| 650 ## - SUBJECT ADDED ENTRY--TOPICAL TERM | |
| Topical term or geographic name entry element | Labor economics |
| 650 ## - SUBJECT ADDED ENTRY--TOPICAL TERM | |
| Topical term or geographic name entry element | Sexual harassment of women |
| 650 ## - SUBJECT ADDED ENTRY--TOPICAL TERM | |
| Topical term or geographic name entry element | Nurses |
| 700 ## - ADDED ENTRY--PERSONAL NAME | |
| Personal name | Rai, Lalita jt auth. |
| 942 ## - ADDED ENTRY ELEMENTS (KOHA) | |
| Source of classification or shelving scheme | Dewey Decimal Classification |
| Koha item type | N |
| Withdrawn status | Lost status | Source of classification or shelving scheme | Damaged status | Not for loan | Home library | Current library | Date acquired | Total Checkouts | Full call number | Barcode | Date last seen | Price effective from | Koha item type |
|---|---|---|---|---|---|---|---|---|---|---|---|---|---|
| Dewey Decimal Classification | Tribhuvan University Central Library | Tribhuvan University Central Library | 12/24/2018 | 331.4133095496/P192p | G80592 | 12/24/2018 | 12/24/2018 | N | |||||
| Dewey Decimal Classification | Tribhuvan University Central Library | Tribhuvan University Central Library | 04/06/2021 | 331.4133095496/P192p | G79918 | 04/06/2021 | 04/06/2021 | N |
